[Event "Treviso op-D 1st"]
[Site "Treviso"]
[Date "2017.03.17"]
[Round "1.16"]
[White "Zanchetta, Alessandro"]
[Black "Boerci, Leonardo"]
[Result "0-1"]
[WhiteElo "1362"]
[BlackElo "1254"]
[PlyCount "96"]
[EventDate "2017.03.17"]
[EventType "swiss"]
[EventRounds "5"]
[EventCountry "ITA"]
[SourceTitle "EXT 2024"]
[Source "ChessBase"]
[SourceDate "2023.10.10"]
[SourceVersion "1"]
[SourceVersionDate "2023.10.10"]
[SourceQuality "1"]

1. e4 d6 2. d4 Nf6 3. Nc3 g6 4. f4 Bg7 5. Bc4 0-0 6. Nf3 Nxe4 7. Bxf7+ Rxf7 8. Nxe4 Bf5 9. Ng3 Bg4 10. 0-0 Nc6 11. c3 Qf8 12. Qb3 Na5 13. Qd5 Nc6 14. Ng5 e6 15. Nxe6 Bxe6 16. Qxe6 Re8 17. Qd5 Kh8 18. Bd2 Rfe7 19. f5 Qf7 20. Qf3 Rf8 21. Bg5 Ree8 22. f6 h6 23. fxg7+ Qxg7 24. Bf6 Rxf6 25. Qxf6 Qxf6 26. Rxf6 Kg7 27. Raf1 Re7 28. Rf8 Na5 29. Ne4 Nc4 30. b3 Ne3 31. R1f4 Nf5 32. Rb8 b6 33. g4 Nh4 34. Nf6 Re1+ 35. Kf2 Ra1 36. Rg8+ Kf7 37. Kg3 g5 38. Rf2 Rg1+ 39. Kh3 Rd1 40. Nh5+ Kxg8 41. Re2 Rd3+ 42. Ng3 Rxc3 43. Re8+ Kf7 44. Ra8 a5 45. Ra7 Kg6 46. Ra8 Rc2 47. Rc8 Nf3 48. d5 Rxh2# 0-1